Statistics for FIFA World Cup 2006: Quarterfinal England vs Portugal

Click here to take the quiz!

General Stats

  • This quiz has been taken 79 times
  • The average score is 19 of 30

Answer Stats

#TeamPositionPlayer% Correct
17Manchester UnitedFWCristiano Ronaldo
97%
9Manchester UnitedFW / red card 61'Wayne Rooney
93%
8Chelsea FCMFFrank Lampard
92%
5Manchester UnitedDFRio Ferdinand
91%
4Liverpool FCMFSteven Gerrard
91%
7Real MadridMF / out 52'David Beckham
87%
3Arsenal FCDFAshley Cole
85%
11Chelsea FCMF / out 65'Joe Cole
85%
6Chelsea FCDFJohn Terry
83%
2Manchester UnitedDFGary Neville
81%
7Inter MilanMF / out 86'Luís Figo
81%
16Chelsea FCDFRicardo Carvalho
73%
16Bayern MünchenMFOwen Hargreaves
72%
15Liverpool FCDF / in 119'Jamie Carragher
71%
21Liverpool FCFW / in 65'Peter Crouch
65%
1Tottenham HotspurGKPaul Robinson
61%
18Chelsea FCMFManiche
59%
1Sporting CPGKRicardo
59%
9Paris Saint-GermainFW / out 63'Pauleta
56%
CoachLuiz Felipe Scolari
41%
11SL BenficaFW / in 63'Simão
40%
CoachSven-Göran Eriksson
40%
19Tottenham HotspurMF / in 52' / out 119'Aaron Lennon
39%
14Everton FCDFNuno Valente
37%
19Olympique LyonnaisMF / out 74'Tiago
35%
23AS Saint-ÉtienneFW / in 86'Hélder Postiga
33%
13Valencia CFDFMiguel
33%
8SL BenficaMFPetit
32%
5VfB StuttgartDFFernando Meira
28%
10Valencia CFMF / in 74'Hugo Viana
20%

Score Distribution

Percentile by Number Answered

Percent of People with Each Score

Your Score History

You have not taken this quiz